[Event "Lost Boys 5th"]
[Site "Antwerp"]
[Date "1997.??.??"]
[Round "6"]
[White "Topalov, Veselin"]
[Black "Sokolov, Ivan"]
[Result "1/2-1/2"]
[WhiteElo "2745"]
[BlackElo "2635"]
[Annotator "Mikhalevski,V"]
[PlyCount "71"]
[EventDate "1997.08.01"]
[EventType "tourn"]
[EventRounds "7"]
[EventCountry "BEL"]
[EventCategory "15"]
[SourceTitle "CBM 061"]
[Source "ChessBase"]
[SourceDate "1997.11.23"]
[SourceVersion "1"]
[SourceVersionDate "1997.11.23"]
[SourceQuality "1"]

1. e4 e5 2. Nf3 Nc6 3. Bb5 a6 4. Ba4 Nf6 5. O-O Nxe4 6. d4 b5 7. Bb3 d5 8. dxe5
Be6 9. Nbd2 Nc5 10. c3 Be7 11. Bc2 Bg4 12. Re1 O-O 13. Nb3 Re8 (13... Ne6 14.
Qd3 g6 15. Qe3 Re8 16. Nfd4 Ncxd4 17. Nxd4 Nxd4 18. Qxd4 Be6 19. Bh6 Bg5 20.
Bxg5 Qxg5 21. a4 c6 22. h4 Qe7 23. Qf4 b4 24. Re3 b3 25. Bd3 h5 26. Rg3 Kg7 27.
Rg5 Rg8 28. Re1 {Nielsen,P-Ofstad,P/Gausdal Masters 1995/EXP 45/1-0 (50)}) 14.
Nxc5 $146 (14. h3 Nxb3 (14... Bxf3 15. Qxf3 Bf8 16. Nxc5 Bxc5 17. Bf4 Qd7 18.
Rad1 Ne7 19. h4 Qe6 20. h5 c6 21. Bg5 a5 22. Bf6 Ra7 23. Qg3 g6 24. Qg5 Nf5 25.
g4 Ne7 26. Kf1 {1-0 Milos,G-Garcia,G/Bogota Lat Cup Final 1991/EXT 91}) 15. Qd3
g6 16. Bxb3 Be6 17. Rd1 Qd7 18. Bxd5 Rad8 19. Be4 Qxd3 20. Rxd3 Rxd3 21. Bxd3
Bd5 22. Bf4 Bc5 23. e6 fxe6 24. Bxc7 e5 25. b4 Ba7 26. Ng5 e4 27. Bxe4 Rxe4 28.
Nxe4 Bxe4 {Sax,G-Huebner,R/EUCup Honved-Bayern 1991/CBM 26/[Ernst]/1/2-1/2 (38)
}) (14. Nbd4 Qd7 15. h3 Bxf3 16. Qxf3 Bd6 17. Bf5 Nxe5 18. Rxe5 Rxe5 19. Bxd7
Re1# {0-1 Hansen,S-Lyon,P/Hillerod op 1980/MCD-op}) (14. Bf4 Ne6 15. Qd3 g6 16.
Qe3 Nxf4 17. Qxf4 Bxf3 {1/2-1/2 Skrochocka,J-Barashianth,M/EuYouth U14 Girls,
Tallinn EST 1997}) 14... Bxc5 15. Bf4 Qd7 (15... Bh5 16. Bb3 Ne7 (16... d4 17.
e6 $1) 17. e6 $1 $14) 16. h3 Bxf3 (16... Bh5 $6 17. Bxh7+ $1 Kxh7 18. Ng5+ Kg6
19. Qd3+ Qf5 20. Qg3 $1 Bb6 21. Rac1 $3 {/\e6,Ne6} (21. e6 $2 f6 22. Nf3+ Kh7
23. Nh4 Qc2 $19) (21. Ne6+ $5 Bg4 22. Nd4 $1 Nxd4 23. hxg4 Qc2 24. cxd4 Kh7 $14
) 21... f6 $2 ({Now it's very difficult to find any good answer.For instance} 
21... a5 $2 22. e6 $1 (22. Ne6+ $5 Bg4 23. Nd4 $1) 22... f6 $140 23. Nf3+ $1
Kh7 24. Nh4 $1 $18) 22. Ne6+ Bg4 (22... Kf7 23. Qxg7+ Kxe6 24. exf6+ $18) 23.
Nd4 Nxd4 24. hxg4 {/\25cd+-}) 17. Qxf3 $14 Nd8 18. Rad1 c6 19. h4 $5 (19. Be3
$5 Bxe3 20. Qxe3 {/\f2-f4-f5}) 19... Ne6 20. Bc1 Rf8 {/\f6} 21. Qg4 (21. h5 f5
$1 (21... f6 $2 22. Qf5 $18) 22. Bxf5 $140 $2 Rxf5 $1 23. Qxf5 Rf8 $15) 21...
f5 22. exf6 Rxf6 23. Be3 Raf8 (23... Bxe3 24. Rxe3 Raf8) 24. Bxc5 (24. Rd2 $5)
24... Nxc5 25. Qxd7 Nxd7 26. Rd2 Nc5 {/\a5} 27. Rde2 a5 28. g3 {/\f4!} Rf3 $1
29. Rd1 $6 (29. Rd2 $142 $14 {and rook on e-file is free.}) 29... a4 30. a3 $8
Nb7 {/\Nb7-d6-c4} 31. h5 Nd6 $11 32. Bb1 R8f6 33. Kg2 Rf8 34. Rf1 Nc4 35. Rfe1
Nd6 36. Kg1 {Nobody can strengthen his position.Positional draw.} 1/2-1/2

[Event "USA-ch G2"]
[Site "Chandler"]
[Date "1997.08.28"]
[Round "5"]
[White "Kudrin, Sergey"]
[Black "Kaidanov, Gregory S"]
[Result "1/2-1/2"]
[WhiteElo "2535"]
[BlackElo "2600"]
[Annotator "Mikhalevski,V"]
[PlyCount "62"]
[EventDate "1997.08.23"]
[EventType "tourn"]
[EventRounds "7"]
[EventCountry "USA"]
[EventCategory "13"]
[SourceTitle "CBM 061"]
[Source "ChessBase"]
[SourceDate "1997.11.23"]
[SourceVersion "1"]
[SourceVersionDate "1997.11.23"]
[SourceQuality "1"]

1. e4 e5 2. Nf3 Nc6 3. Bb5 a6 4. Ba4 Nf6 5. O-O Nxe4 6. d4 b5 7. Bb3 d5 8. dxe5
Be6 9. c3 Bc5 10. Nbd2 O-O 11. Bc2 Nxf2 12. Rxf2 f6 13. exf6 Bxf2+ 14. Kxf2
Qxf6 15. Nf1 Ne5 16. Be3 Rae8 17. Bc5 Nxf3 18. gxf3 Rf7 19. Kg2 (19. Ng3 Bg4
20. Kg1 Qxf3 21. Qxf3 Bxf3 $2 (21... Rxf3 22. Kg2 h5 23. Bg6 (23. Rf1 $2 {
Wedberg} Rxf1 24. Kxf1 h4 $19) (23. Bd1 $6 {Wedberg} Rd3 24. Bxg4 Rd2+ 25. Kh3
(25. Be2 $2 h4 $19) 25... hxg4+ 26. Kxg4 Rxh2 $17) 23... Re6 24. Bxh5 Rxg3+ 25.
Kxg3 Bxh5 26. a4 Rg6+ 27. Kf2 Rf6+ 28. Kg2 bxa4 29. Rxa4 Bf3+ 30. Kg3 Be4 31.
Bd4 Rg6+ 32. Kf4 Bd3 33. Ra1 Kf7 34. Rg1 $10 Rxg1 35. Bxg1 a5 36. Ke5 Bc4 37.
Bc5 Ke8 38. h4 Kf7 39. Ba3 a4 40. Bc5 Kg6 41. Bf8 Bb3 42. Be7 Bc4 43. Bf8 c6
44. Be7 Kh5 45. Kf4 Bb5 46. Bf8 Kg6 47. Ke5 Be2 48. Be7 Kh5 49. Kf4 Bd1 50. Bf8
g6 51. Be7 {1/2-1/2 Leko,P-Jussupow,A/Horgen CS 1994}) 22. Rf1 $16 Rf6 23. b4
c6 24. Bf5 $2 (24. Bd4 Rf4 25. Bf5 $18 {Jussupow,A}) 24... Be2 25. Re1 Bh5 26.
Rxe8+ Bxe8 27. Be7 Rh6 28. Bg5 Rd6 $11 29. Be7 Rh6 30. Bc8 Bf7 31. Bc5 Be6 32.
Bxa6 Bd7 33. Bb7 Kf7 34. Ne2 Ke6 35. Nd4+ Ke5 36. Nb3 Ke4 37. Bf2 Bh3 38. Nd4
Rg6+ 39. Bg3 Rf6 40. Bf2 Rg6+ 41. Bg3 Rf6 42. Bf2 Rg6+ {1/2-1/2 Ivanchuk,
V-Jussupow,A/Linares 1990/CBM 17}) 19... d4 $3 20. Bxd4 Qg5+ 21. Ng3 (21. Kh1
Bd5 22. Bb3 c5 23. Be3 (23. Bxd5 $142 Qxd5 24. Bf2 Qxf3+ 25. Qxf3 Rxf3 26. Bxc5
Re2 $15) 23... Bxb3 24. Bxg5 Bxd1 25. Rxd1 Rxf3 26. Kg2 Rf5 27. h4 (27. Be3
Rxf1 $1 28. Kxf1 Rxe3 29. Rd6 Rf3+ $1 30. Kg2 Rf6) 27... Re2+ 28. Kh3 Rxb2 29.
Ne3 Rff2 30. Kg3 Rbd2 31. Be7 Rfe2 32. Rxd2 Rxe3+ 33. Kf4 Rxe7 34. Rd6 Rf7+ 35.
Kg4 Rf6 36. Rd8+ Kf7 37. Rc8 c4 38. a4 Rg6+ 39. Kf5 Rf6+ 40. Kg4 Rf1 41. axb5
axb5 42. Rb8 Rb1 43. Kf5 g6+ 44. Kg5 Rg1+ 45. Kf4 h5 46. Rb7+ Kf6 47. Rb6+ Kg7
{0-1 Acs,P-Mikhalevski,A/Budapest FS08 GM 1997/EXP 59}) 21... c5 22. Bf2 Rxf3
23. Kxf3 Bg4+ 24. Kg2 Bxd1 25. Rxd1 {Kupreichik,V-Mikhalevski,A Belarus Cup,
1981} g6 26. a4 (26. b4 $5 Re2 (26... c4 27. Rd7 Qc1 28. Be4 Qb2 (28... Qxc3 $6
29. Bd5+ (29. Bd4 Qd2+ 30. Kh3 Re5 $13) 29... Kh8 30. Ne4 (30. Bf7 Re3) 30...
Rxe4 (30... Qe5 31. Bc6 $16) 31. Bxe4 $16) 29. Bd5+ Kh8 30. Ne4 Rf8 $13 (30...
Qe2 31. Nf6 $18) 31. Bf7 Qe2 32. Nf6 Qc2 33. Ng4 h5 34. Ne5 Qe4+ $11) 27. h4
Rxf2+ (27... Qg4 28. Rd8+ (28. Bb3+ $2 c4 29. Rd4 $2 Rxf2+ 30. Kxf2 cxb3 31.
Rxg4 bxa2 $19) 28... Kf7 29. Bd1 Qxh4 $13) 28. Kxf2 Qxh4 29. Kg2 cxb4 30. Rd4
Qf6 31. Ne4 $13) 26... Re2 27. h4 Rxf2+ (27... Qg4 $5 28. Rd8+ Kf7 29. Bd1 Qxh4
30. Rd7+ (30. Bxe2 Qxd8 31. axb5 axb5 32. Bxb5 Qd5+ $17) 30... Re7 31. Rd6 Qg5)
28. Kxf2 Qxh4 29. Kg2 (29. Be4) 29... Qg5 30. axb5 axb5 31. Be4 Qe3 $13 1/2-1/2

[Event "Mondariz zt 1.1"]
[Site "Mondariz"]
[Date "2000.09.06"]
[Round "4"]
[White "Emms, John M"]
[Black "Piket, Jeroen"]
[Result "1/2-1/2"]
[WhiteElo "2527"]
[BlackElo "2649"]
[Annotator "Mikhalevski,V"]
[PlyCount "49"]
[EventDate "2000.09.03"]
[EventType "swiss"]
[EventRounds "11"]
[EventCountry "ESP"]
[SourceTitle "CBM 079"]
[Source "ChessBase"]
[SourceDate "2000.11.21"]
[SourceVersion "1"]
[SourceVersionDate "2000.11.21"]
[SourceQuality "1"]

1. e4 e5 2. Nf3 Nc6 3. Bb5 a6 4. Ba4 Nf6 5. O-O Nxe4 6. d4 b5 7. Bb3 d5 8. dxe5
Be6 9. Nbd2 Nc5 10. c3 Bg4 11. Bc2 Be7 12. Re1 Qd7 13. Nf1 Rd8 14. Ne3 Bh5 15.
b4 (15. Nf5 $6 {Doesn't promise much as it allows to meet b4 with Ne4:} O-O 16.
Nxe7+ Nxe7 17. b4 Ne4 $1 18. Bxe4 dxe4 19. Qxd7 Rxd7 20. Ng5 Bg6 21. e6 Rd3 $1
$132 {Sokolov,A-Korchnoi,V/Tilburg/1987/0:1 (52)/}) 15... Ne6 ({Doesn't work} 
15... Ne4 $2 {because of} 16. Nxd5 $1 {and Black is in trouble as} Nxf2 $2 {
is met by} 17. Kxf2 Qxd5 18. Qxd5 Rxd5 19. Be4 {[%csl Rc6,Rd5]} Bxf3 20. Bxf3
$18 {[%csl Rc6,Rd5]}) 16. Nf5 ({Also possible preliminary} 16. g4 Bg6 17. Nf5
O-O 18. a4 {and now Black could play quite} Rfe8 $5 (18... d4 {leads to
unclear position} 19. axb5 axb5 20. Be4 {[%csl Re7][%cal Ge4c6]} Rfe8 21. Be3
Bf8 22. Qd2 h5 23. h3 Nxb4 $1 {Palkovi,J-Marin,M/Stara Zagora(zt)/0,5 (33)/}))
16... O-O (16... d4 {was also tried once,but looks a bit dangerous:} 17. Be4
Bg6 18. g4 h5 19. h3 Kf8 20. a4 hxg4 21. hxg4 Qe8 22. axb5 axb5 23. Ra6 {
Hjartarson,J-Korcnoi,V/Saint John(m/1)/1:0 (44) Inf 45/387/}) 17. a4 {[%csl
Rb5,Rh7][%cal Gd1d3] Creating a threat of double attack.} Rb8 $5 $146 {[%mdl 8]
Piket finds a new idea.This move looks most logical.Black simply defends the
b5 pawn avoiding slightly worse endgames which arise after 17...Rfe8.} ({
Black also tried} 17... f6 $2 18. axb5 axb5 19. Ra6 $6 {0-1 Cuartas,J-Pilgaard,
K/Ubeda 1998/CBM 62 ext (28)} (19. Qd3 $142 $1 {[%csl Rb5,Rh7][%cal Gf5h6]} g6
20. Nxe7+ Qxe7 21. Bh6 $16)) (17... Bg6 $5 {Another logical defence against
Qd3.} 18. Be3 d4 (18... Rfe8 $5) 19. axb5 axb5 20. N5xd4 Ncxd4 21. Nxd4 Bxb4
22. Bxg6 hxg6 23. Qb3 Nxd4 24. Bxd4 Be7 25. Ra7 Qc6 {Now after} 26. h3 {
draw was agreed in Vazquez,R-Marin,M/Andorra 1991/EXT 97 (26) however after} (
26. e6 $1 {White's position looks very promising})) (17... Rfe8 {was the most
popular reaction on 17.a4,but after} 18. axb5 axb5 19. Qd3 {[%csl Rb5,Rh7]
[%cal Gf5e7,Gf5h6]} Bg6 20. Qxb5 {Probably this capture is sufficient for
getting advantage:} (20. g4 {is also interesting as logical from the first
sight} f6 $2 {is bad in a view of} 21. Ra6 $1 {with very unpleasant pressure.
For instance} fxe5 ({After} 21... Nxe5 $2 {Black lost by force} 22. Rxe5 $1
fxe5 23. Nxe5 Qc8 24. Nxg6 $18 Qxa6 (24... hxg6 25. Nh6+ $1 $18 {[%csl Rg8]
[%cal Gd3g6]}) 25. Ngxe7+ Rxe7 26. Nxe7+ Kf7 27. Nxd5 {1-0 Schlosser,
M-Kwatschewsky,L/AUT-ch 1989/EXT 97 (34)}) 22. Rxc6 $1 (22. Rxe5 Bf6) 22...
Qxc6 23. Nxe5 $40 {with a strong attack}) ({After} 20. Rd1 Bf8 21. Be3 ({
Mikhalevski,V} 21. Qxb5 Nxe5 22. Qxd7 $140 (22. Qe2 Nc4) 22... Nxf3+ 23. gxf3
Rxd7) 21... Ra8 (21... d4 $6 22. Qe2 $16) 22. h3 (22. Rab1 $5) 22... Rxa1 23.
Rxa1 {Portish equalized with the help of typical break in the centre:} d4 24.
Bxd4 $8 Nexd4 25. N3xd4 (25. cxd4 Nxb4 26. Qe4 Nxc2 $19) 25... Rxe5 26. Qf3 {
1/2-1/2 Balashov,Y-Portisch,L/Moscow 1981/MCL/[Belov] (26)}) 20... Nxe5 21.
Qxd7 Nxd7 22. Nxe7+ Rxe7 {and now both 23.B:g6 and 23.Bb3 promise better play:}
23. Bxg6 (23. Bb3 Be4 24. Nd4 Nxd4 25. cxd4 $14 {[%csl Gb3,Gc1,Rc7] 1/2-1/2
Horvath,C-Kuczynski,R/Dresden 1988/CBM 10 (41)}) 23... hxg6 24. Nd4 Ree8 $14 {
1-0 Rodriguez,A-Marin,M/Novi Sad 1990/TD (73)} (24... Nxd4 $2 25. Rxe7 Kf8 $140
$2 26. Rxd7 $18)) 18. axb5 axb5 19. Ra6 {[%cal Ga6c6]} (19. Qd3 Bg6 20. Rd1
Rfd8 {Another point of 17...Rfb8.The d8-square becomes availabe,in this case
for another rook.}) 19... Rfe8 $1 {Good defensive move based on the precise
calculation.Black is not afraid of the ideas with B:h7.Now after both 20.N:e7
R:e7 B:h7 and 20.Qd3 Black keeps the position.} (19... Bg6 {was also possible
in order to meet} 20. Rxc6 $6 {with} Bxf5 {,but probably Jeroen didn't want to
take his bishop from the h5-d1-diagonal where it's still useful.}) 20. h3 ({
An attempt to win a pawn doesn't bring fruits:} 20. Nxe7+ Rxe7 $1 (20... Nxe7
$2 21. Bxh7+ $16 Kxh7 $140 22. Ng5+ Nxg5 (22... Kg6 $2 23. g4 $1 $18 (23. Qd3+
$5 Nf5 24. Re3 {[%csl Rg6][%cal Ge3g3]})) 23. Qxh5+ Kg8 24. Bxg5 $16) 21. Bxh7+
Kxh7 22. Ng5+ Nxg5 ({Very dangerous is} 22... Kg6 $2 {because of} 23. Qd3+ f5
24. Qg3 $1 ({But not} 24. exf6+ $6 Kxf6 25. Nh7+ Kf7 26. Qf5+ Kg8 27. Qxh5 {
which also looks good,but here Black suddenly comes with} Nc5 $1 {and White
should have forced the draw by perpetual check.} 28. Rxe7 Qxe7 29. Nf6+ $3 gxf6
30. Qg6+ Kh8 31. Qh6+ $11) 24... f4 $1 25. Bxf4 Nxf4 26. Qxf4 $40 {[%csl Rg6]
with very strong attack}) 23. Qxh5+ Kg8 24. Bxg5 (24. Qxg5 Nxe5 $1 25. Be3 (25.
Rxe5 $4 Rxe5 26. Qxe5 Re8) 25... Nc4 $11) 24... Rxe5 25. Rxe5 Nxe5 $11) (20.
Qd3 Bg6 21. Rd1 Red8 $1 {This move is possible thanks to a tactical trick:} 22.
Rxc6 $2 {[%csl Re7]} Bxf5 23. Qxf5 g6 $1 $17 {[%csl Rc6,Rf5] winning an
exchange} (23... Qxc6 $4 24. Qxh7+ Kf8 25. Qh8#)) 20... Bf8 21. g4 ({
Interesting is} 21. Qd3 $5 Bg6 22. N3h4 {and now after sudden} Nxb4 (22... Ned8
$5 {[%csl Re5]}) 23. cxb4 Bxb4 {[%csl Ra6,Rd3,Re1][%cal Ge6c5]} 24. Re3 Nc5 {
[%csl Ra6,Rd3] White is still on top with the help of counter blow} 25. Rxg6 $1
hxg6 (25... Nxd3 $6 26. Rxg7+ Kh8 27. Rxd3 $40 {[%csl Rh8]}) 26. Qd4 $1 {
[%csl Rb4]} gxf5 27. Bxf5 $1 Qe7 28. Qxb4 $14) 21... Bg6 22. Be3 Ned8 {[%csl
Re5] This time knight is making use of the d8-square.Now it's not so simple to
make progress so Emms decides to repeat the moves.} 23. Bf4 Ne6 24. Be3 Ned8
25. Bf4 {Despite only 25 moves were made the game is important for the theory
of this line.} 1/2-1/2

[Event "Montreal-B 5th"]
[Site "Montreal"]
[Date "2004.08.13"]
[Round "9"]
[White "Krnan, Tomas"]
[Black "Mikhalevski, Victor"]
[Result "0-1"]
[WhiteElo "2331"]
[BlackElo "2551"]
[Annotator "Mikhalevski,V"]
[PlyCount "86"]
[EventDate "2004.08.04"]
[EventType "tourn"]
[EventRounds "11"]
[EventCountry "CAN"]
[EventCategory "8"]
[SourceTitle "CBM 101 Extra"]
[Source "ChessBase"]
[SourceDate "2004.09.01"]
[SourceVersion "2"]
[SourceVersionDate "2004.09.01"]
[SourceQuality "1"]

1. e4 e5 2. Nf3 Nc6 3. Bb5 a6 4. Ba4 Nf6 5. O-O Nxe4 6. d4 b5 7. Bb3 d5 8. dxe5
Be6 9. c3 Bc5 10. Nbd2 O-O 11. Bc2 f5 $5 {I've prepared this very old line
especially for this game. After almost forced play Black will have Q vs R and
BB. These unbalanced positions are very often a "hole" in education of young
players.} 12. Nb3 Bb6 (12... Ba7 {changes nothing after} 13. Nbd4 Nxd4 14. Nxd4
Bxd4) 13. Nbd4 Nxd4 14. Nxd4 Bxd4 15. cxd4 f4 16. f3 ({In the beginning of
20th century White tested} 16. Re1 {and after} Qh4 {decided to sacrifice an
exchange, but the compensation wasn't sufficient and he eventually lost.} 17.
Rxe4 dxe4 18. Bxe4 Rad8 $17 {0-1 Suechting,H-Johner,P/Karlsbad 1911/HCL (30)})
16... Ng3 $1 {A very brave piece sacrifice and the idea behind 11...f5.} 17.
hxg3 ({Also} 17. Re1 Qh4 {was tested in the beginning of 20th century in the
games of well-known players such as Teichmann, Vidmar and Tarrasch.}) ({while} 
17. Rf2 {occuried in the middle of the last century.}) 17... fxg3 {[%cal Gd8h4]
} 18. Qd3 {The main line. White is ready to meet Qh4 with Qxh7 and thus forces
the following play.} (18. Re1 $5 {The position after this move can be reached
also after 17.Re1 if white plays hxg3 later on. One of the famous games in
this line is the game 1-0 Duras,O-Maroczy,G/Ostend 1906/EXT 2000 (50), which
after} Qh4 19. Be3 Bg4 20. Kf1 Qh1+ 21. Ke2 $1 (21. Bg1 $4 Bxf3 $19) 21...
Qxg2+ 22. Kd3 Bxf3 23. Qd2 $13 {led to an unclear position.}) 18... Bf5 19.
Qxf5 Rxf5 20. Bxf5 Qh4 21. Bh3 Qxd4+ 22. Kh1 Qxe5 $13 {In the Mega Database
you can find not less than 14 games which reached this position. Most of the
games were played by GMs while black's position was defended by three World
Champions, such as Euwe, Botvinnik and Tal! Black has queen and three pawns vs
rook and two bishops and everything will depend on how fast white will succeed
to coordinate his pieces. At the same time black has to advance his pawns as
far as possible.} 23. Bd2 {This move was played in all those games. White
sacrifices another pawn to finish development as soon as possible. Now the
tastes of players were divided between} Qxb2 ({and} 23... c5 $5 {For example
this moves order was chosen by Botvinnik. It's interesting that sometimes this
line transposes into 23...Qxb2.} 24. Rae1 Qxb2 25. Bf4 d4 $5 (25... Qf6 $6 {
This move led to a fantastic mating construction.} 26. Bxg3 d4 27. Re6 Qg5 28.
Kh2 (28. Be5 $13 {Teschner,R-Honfi,Kar/Monte Carlo/1969/}) 28... c4 29. f4 {
Black has chosen a wrong square for the queen on move 25.} Qh5 (29... Qc5 $5)
30. f5 d3 31. f6 $1 gxf6 32. Rf5 $1 Qg6 33. Rexf6 Qg7 34. Bf4 $1 {[%cal Gf5g5]}
c3 35. Rg5 $18 Rd8 36. Be6+ Kh8 37. Be5 $3 {[%cal Gf6f8] 1-0 Boleslavsky,
I-Ragozin,V/Moscow 1942/HCL (37) What a fantastic construction! The dream of
every player.}) 26. Bxg3 d3 {see current game.}) 24. Bf4 d4 $1 {Black has to
keep the d-pawn.} ({And here is contribution of another World Champion, this
time as white.} 24... c5 $2 25. Be6+ Kh8 26. Bxd5 $16 {Smyslov,V-Reshevsky,S/
URS-USA/1946.}) 25. Bxg3 {We're still following the main line.} (25. Bxc7 {
0-1 Tseshkovsky,V-Tal,M/Leningrad 1974/URS-ch (43) Inf 19/272. (43) was also
tested a number of times with good results for black. For example see}) (25.
Rae1 d3 26. Re7 $2 Qf6 27. Re4 c5 28. Bxg3 Rd8 $17 {0-1 Jirovsky,P-Pribyl,M/
Prague 1995/EXT 97 (43). (43)}) 25... c5 $1 {The pawns must be advanced
together.} (25... d3 $6 26. Rad1 d2 27. Be6+ Kf8 28. Bxc7 Ke7 $2 29. Bd5 Rf8
30. Ba5 Rf5 31. Rxd2 $18 {1/2-1/2 Pelitov,D-Estrin,Y/Albena 1973/EXT 2001 (39)}
) 26. Rae1 {This idea looks very logical. White brings the rook into play and
threatens to penetrate to the 7th rank.} (26. Be5 $5 {This way White succeeded
to temporary stop advance of the black pawns in the game Tiviakov-Sokolov,I/
Groningen 1994 which black won after mutual mistakes. See the game in CBM45
[Ernst]} Re8 27. f4 (27. Rae1 {Ftacnik} Qxa2) 27... Qe2 (27... c4 28. Rab1 {
>< d4}) 28. Rae1 Qh5 $2 (28... Qxa2 $5 {Ftacnik})) 26... d3 27. Be6+ $6 {
Probably this move is already an inaccuracy.} ({More logical looks natural} 27.
Re7 {[%cal Gg3e5] but} Qf6 $1 (27... d2 $5 {was also tested.}) 28. Rd7 c4 $1 (
28... Rd8 $2 {Ernst.} 29. Be5 $1 {1-0 Beliavsky,A-Ornstein,A/Le Havre 1977/EXT
99 (44). (43)}) 29. Re1 Rd8 {It's interesting that Max Euwe won not less than
two games by this move.}) (27. Be5 $5 {was tested in the following fantastic
game.} Qxa2 28. Bd6 Qb2 29. Be6+ Kh8 30. Be5 Qd2 31. f4 c4 32. f5 Rf8 33. Re4
c3 34. Ref4 Rf6 35. R4f2 Qh6+ 36. Kg1 b4 $13 {1/2-1/2 Boleslavsky,I-Botvinnik,
M/Sverdlovsk 1943/HCL (89)}) 27... Kh8 28. Bd5 Rf8 $1 {I thought it was safer
than 28...Rd8 as after doubling rooks along the e-file it's not necessary to
lose a tempo for defense.} ({It's interesting that earlier this year black
played} 28... Rd8 $5 {and also won.} 29. Re7 Qd4 $1 30. Rfe1 Qxd5 $1 31. Re8+
Rxe8 (31... Qg8 $5) 32. Rxe8+ Qg8 33. Rxg8+ Kxg8 34. Be1 Kf7 35. Kg1 Ke6 36.
Kf2 Kd5 {0-1 Olsar,Z-Motyka,M/Trinec 2004/CBM 98 ext (58). (58) and it's very
difficult for white to deal with Black's pawn chain on the queenside.}) 29. Bd6
Qd4 $1 {It turns out that only this move is new. I believe that after it the
game is almost over.} ({The only preceding game saw} 29... d2 30. Rb1 Qd4 31.
Bxf8 Qh4+ $10 {Haese,G-Kegel,OH/CC/1986}) 30. Bxf8 Qxd5 $17 {Black already has
a clear positional advantage. The pawns supported by queen go forward and
White can hardly do much about it.} 31. Bd6 {[%csl Rh8][%cal Ge1e8] White
brings the bishop back into play.} ({Doesn't help} 31. Re7 Kg8 $1 32. Bxg7 d2
$1 ({During the game I considered} 32... c4 {[%cal Gd5h5,Gd5c5] /\Qh5 which is
also enough for a win.}) 33. Rd1 Qc4 $1 {[%cal Gc4c2,Gc4h4]}) 31... h6 $1 32.
Bf4 ({Or} 32. Re8+ Kh7 33. Rd8 c4) 32... c4 ({There was also nothing wrong
with materialistic} 32... Qxa2 $5) 33. Re8+ (33. Re5 Qd8 $1) 33... Kh7 34. Re5
Qd8 $1 {[%cal Gd8h4,Gd3d2]} 35. g3 c3 $5 (35... d2 $5 {after} 36. Rd1 c3 37.
Kg2 {transposes into 35...c3.}) 36. Ree1 $138 {My opponent was already short
on time.} ({Black also breaks defense after more stubborn} 36. Kg2 {For example
} d2 37. Bxd2 (37. Rd1 Qd3 {[%cal Gd3c2]} 38. Kf2 Qd4+ 39. Kg2 (39. Ke2 Qc4+
40. Ke3 (40. Kf2 c2) 40... g5 $1) 39... Qa4 $19) 37... Qxd2+ $1 38. Rf2 Qd1 $1
{and advance of the b and a-pawns decides the game.}) 36... d2 37. Rd1 Qd3 $1 (
37... g5 $5 38. Bxd2 $140 c2) 38. Bxd2 ({Or} 38. Kg1 Qe2 {[%cal Gg7g5,Gb5b4]}
39. Bxd2 c2) 38... c2 $1 39. Rc1 Qxd2 $19 {The rest is simple as White can
hardly move.} 40. f4 b4 {A slow death.} 41. f5 a5 42. Rce1 a4 43. f6 gxf6 {
[%cal Gb4b3] This game proves once again that it's not easy to coordinate
pieces in this variation.} 0-1